000 00454cam a2200181ua 4500
041 _aeng
_h
082 _a332.401
_bCHA/IN
100 _aChandler, Lester.V .
245 _aIntroduction to monetory theory /
_cV Lester Chandler.
_hTextual Documents
250 _a1 /
_b.
260 _aAllahabad :
_bCentral book depot ,
_c1971.
300 _a214 ; .
500 _aAnnex
504 _a
942 _cBK
999 _c2176
_d2176